000 00273nam a2200109Ia 4500
008 190216s9999||||xx |||||||||||||| ||und||
100 _aSaju K Ebraham
245 0 _aGuide To Salestax Laws In Kerala 1993
260 _bPoorna Pubs Kozhikode
650 _aCommerce
942 _cBK
999 _c5487
_d5487